000 01050cam a2200289 a 4500
999 _c6077
_d6077
001 446916
003 OSt
005 20260204151017.0
008 030604r20032002nyu 000 0 eng
020 _a9780375713279
_q(pbk.) :
040 _aNTUTL
_beng
_eAACRII
_cKH8
041 0 _aeng
042 _anbic
082 0 _a895.635 MUR
100 1 _aMurakami, Haruki,
_d1949-
_eauthor.
245 1 0 _aAfter the quake :
_bstories /
_cHaruki Murakami ; translated from the Japanese by Jay Rubin.
250 _a1st Vintage International ed.
260 _aNew York :
_bVintage International,
_cc2002.
300 _a147 p. ;
_c21 cm.
500 _aOriginally published: New York : Alfred A. Knopf, 2002.
505 0 _aUFO in Kushiro -- Landscape with flatiron -- All God's children can dance -- Thailand -- Super-frog saves Tokyo -- Honey pie.
650 0 _aShort stories, Japanese.
650 0 _aJapanese fiction
_y20th century.
651 0 _aJapan
_vFiction.
_xSocial life and customs
_y20th century.
700 1 _aRubin, Jay,
_d1941-
942 _2ddc
_cNFIC